The Soviet Union special studies, 1970-1980 /

Saved in:
书目详细资料
其他作者: Kesaris, Paul.
格式: 图书
语言:English
出版: Frederick, Md. : University Publications of America, c1981.
丛编:Special studies series (University Publications of America, Inc.)
主题:
标签: 添加标签
没有标签, 成为第一个标记此记录!
LEADER 00839cam a2200241Ia 4500
001 002425357-X
005 20020606093309.7
008 860312s1981 mdu ab 00000 eng
010 |a  86892119  
020 |a 0890933855 (microfilm) 
035 0 |a ocm20566182 
040 |a DLC  |c DLC  |d KKU  |d CRL 
043 |a e-ur--- 
245 0 4 |a The Soviet Union  |h [microform] :  |b special studies, 1970-1980 /  |c [edited by Paul Kesaris]. 
260 |a Frederick, Md. :  |b University Publications of America,  |c c1981. 
300 |a 9 microfilm reels ;  |c 35 mm. 
490 1 |a The Special studies series 
555 |a Accompanied by a printed guide (31 p. ; 22 cm.). 
651 0 |a Soviet Union  |x History  |y 1953-1985  |v Sources. 
700 1 |a Kesaris, Paul. 
830 0 |a Special studies series (University Publications of America, Inc.) 
988 |a 20020608 
906 |0 DLC